| 000 | 00850nam a22002297a 4500 | ||
|---|---|---|---|
| 999 |
_c245 _d245 |
||
| 003 | AR-CdUCM | ||
| 008 | 190222b ||||| |||| 00| 0 spa d | ||
| 040 |
_aMUNICIPALIDAD PROVINCIAL DEL CUSCO _cBIBLIOTECA MUNICIPAL DEL CUSCO |
||
| 082 |
_a371.1007985 / _bP78 |
||
| 100 |
_aPortugal Catacora, José _91063 |
||
| 245 |
_aJosé Antonio Encinas : _bel maestro de los maestros peruanos / _cPortugal Catacora, José |
||
| 260 |
_aLima : _bTaller Gráfico OCISA, _c1988. |
||
| 300 |
_a178 páginas ; _c21 cm. |
||
| 505 | _aContenido: Su vida -- Su personalidad -- Su pensamiento pedagógico -- Su obra educativa -- Su producción bibliográfica... | ||
| 650 |
_aAniversarios. _91064 |
||
| 650 |
_aEducación. _9460 |
||
| 650 |
_aEducadores. _91065 |
||
| 650 |
_aPerú. _935 |
||
| 650 |
_aSiglo XX. _98 |
||
| 942 |
_2ddc _cLIBROS |
||
| 945 |
_admma _d2019-02-22 |
||